Classifica Marcatori La Liga 2017-2018 - Statistics

Statistiche generali
  • Questo quiz è stato fatto 23 volte
  • Il punteggio medio è 9 su 16
Statistiche sulle risposte
Gol Nazione Squadra Calciatore % Corretto
26 Portogallo Real Madrid Cristiano Ronaldo
100%
16 Galles Real Madrid Gareth Bale
100%
34 Argentina Barcellona Lionel Messi
100%
25 Uruguay Barcellona Luis Suárez
100%
19 Francia Atletico Madrid Antoine Griezmann
95%
22 Spagna Celta Vigo Iago Aspas
77%
15 Colombia Villarreal Carlos Bacca
59%
21 Uruguay Girona Cristhian Stuani
50%
13 Italia Valencia Simone Zaza
50%
15 Brasile Real Sociedad Willian José
32%
17 Uruguay Celta Vigo Maxi Gómez
27%
12 Spagna Real Sociedad Mikel Oyarzabal
27%
16 Spagna Espanyol Gerard Moreno
18%
16 Spagna Valencia Rodrigo
14%
13 Spagna Getafe Ángel Rodriguez
5%
12 Spagna Valencia Santi Mina
0%
Nessun quiz corrispondente trovato
Distribuzione punteggi
Percentuale di utenti per punteggio
Percentile per numero di risposta
I tuoi punteggi nel tempo
Non hai fatto questo quiz